| 000 | 00519nam a22001577a 4500 | ||
|---|---|---|---|
| 005 | 20241115113706.0 | ||
| 008 | 241115b |||||||| |||| 00| 0 eng d | ||
| 050 | _aBS 2860.S66 1973 | ||
| 100 | _aSMITH MORTON | ||
| 245 | _aCLEMENT OF ALEXANDRIA AND A SECRET GOSPEL OF MARK | ||
| 260 |
_aMASSACHUSETTS _bHARVARD UNIVERSITY _c1973 |
||
| 300 | _aX,452P. | ||
| 500 | _aINCLUDES INDEX | ||
| 650 | _aClement, of Alexandria, Saint, approximately 150-approximately 215. Secret Gospel according to Mark. | ||
| 942 |
_2lcc _cBK |
||
| 999 |
_c213836 _d213836 |
||